00575 2200217 4500001002100000005001500021035002000036007000300056008003900059020001900098082000800117084001400125100002300139245004100162250001400203260004700217300004400264500001300308700001800321990001800339INLIS00000000000333620221102123741 a0010-1122000023ta221102 | | |  a978602186517-0 a790 a790 AGU k0 aAgung Tri Haryanta1 aKamus Olahraga /cAgung Tri Haryanta aCet. 1,-- aSurakarta. :bAksara Sinergi Media.,c2012 aviii + 344 hlm. :bilus. ;c15 x 21 cm. aLampiran0 aEko Sujatmiko a7293/P/S/2016